<?xml version="1.0" encoding="UTF-8"?><?xml-stylesheet type="text/xsl" href="static/style.xsl"?><OAI-PMH xmlns="http://www.openarchives.org/OAI/2.0/" xmlns:xsi="http://www.w3.org/2001/XMLSchema-instance" xsi:schemaLocation="http://www.openarchives.org/OAI/2.0/ http://www.openarchives.org/OAI/2.0/OAI-PMH.xsd"><responseDate>2026-04-18T04:30:51Z</responseDate><request verb="GetRecord" identifier="oai:www.recercat.cat:20.500.12327/2027" metadataPrefix="marc">https://recercat.cat/oai/request</request><GetRecord><record><header><identifier>oai:recercat.cat:20.500.12327/2027</identifier><datestamp>2025-10-22T11:19:12Z</datestamp><setSpec>com_2072_4428</setSpec><setSpec>com_2072_4427</setSpec><setSpec>col_2072_487898</setSpec></header><metadata><record xmlns="http://www.loc.gov/MARC21/slim" xmlns:dcterms="http://purl.org/dc/terms/" xmlns:xsi="http://www.w3.org/2001/XMLSchema-instance" xmlns:doc="http://www.lyncode.com/xoai" xsi:schemaLocation="http://www.loc.gov/MARC21/slim http://www.loc.gov/standards/marcxml/schema/MARC21slim.xsd">
   <leader>00925njm 22002777a 4500</leader>
   <datafield ind2=" " ind1=" " tag="042">
      <subfield code="a">dc</subfield>
   </datafield>
   <datafield ind2=" " ind1=" " tag="720">
      <subfield code="a">Terriente Palacios, Carlos</subfield>
      <subfield code="e">author</subfield>
   </datafield>
   <datafield ind2=" " ind1=" " tag="720">
      <subfield code="a">Rubiño Campoy, Susana</subfield>
      <subfield code="e">author</subfield>
   </datafield>
   <datafield ind2=" " ind1=" " tag="720">
      <subfield code="a">Hortós, Maria</subfield>
      <subfield code="e">author</subfield>
   </datafield>
   <datafield ind2=" " ind1=" " tag="720">
      <subfield code="a">Peteiro, César</subfield>
      <subfield code="e">author</subfield>
   </datafield>
   <datafield ind2=" " ind1=" " tag="720">
      <subfield code="a">Castellari, Massimo</subfield>
      <subfield code="e">author</subfield>
   </datafield>
   <datafield ind2=" " ind1=" " tag="260">
      <subfield code="c">2022-12-02</subfield>
   </datafield>
   <datafield ind2=" " ind1=" " tag="520">
      <subfield code="a">Prevention and control of diseases and delaying the signs of ageing are nowadays one of the major&#xd;
goals of biomedicine. Sirtuins, a family of NAD+&#xd;
dependent deacylase enzymes, could be pivotal&#xd;
targets of novel preventive and therapeutic strategies to achieve such aims. SIRT1 activating and&#xd;
inhibiting compounds, such as polyphenols and bioactive peptides, have been proposed to be&#xd;
involved in the development of many human diseases. The objective of this work was to assess and&#xd;
compare the antioxidant and SIRT1 modulation activities of enzymatic protein hydrolysates (EPHs)&#xd;
from a wide number of algae species (24 commercial samples and 12 samples harvested off the&#xd;
Atlantic coast of northern Spain). High antioxidant activities were observed in EPHs from red and&#xd;
green seaweed species. Moreover, 19 samples exhibited SIRT1 activation, while EPHs from the 16&#xd;
samples were SIRT1 inhibitors. Pearson’s correlation test and Principal Component Analysis revealed&#xd;
significant correlations between (1) total peptide and hydrophobic amino acid content in EPHs and&#xd;
their antioxidant activities, and (2) concentrations of taurine, homotaurine, and amino acid gamma&#xd;
aminobutyric acid in EPHs and their SIRT1 modulation activity.</subfield>
   </datafield>
   <datafield ind1="8" ind2=" " tag="024">
      <subfield code="a">Terriente-Palacios, Carlos, Susana Rubiño, Maria Hortós, César Peteiro, and Massimo Castellari. 2022. "Taurine, Homotaurine, GABA And Hydrophobic Amino Acids Content Influences “In Vitro” Antioxidant And SIRT1 Modulation Activities Of Enzymatic Protein Hydrolysates From Algae". Scientific Reports 12 (1). doi:10.1038/s41598-022-25130-4.</subfield>
   </datafield>
   <datafield ind1="8" ind2=" " tag="024">
      <subfield code="a">2045-2322</subfield>
   </datafield>
   <datafield ind1="8" ind2=" " tag="024">
      <subfield code="a">http://hdl.handle.net/20.500.12327/2027</subfield>
   </datafield>
   <datafield ind1="8" ind2=" " tag="024">
      <subfield code="a">https://doi.org/10.1038/s41598-022-25130-4</subfield>
   </datafield>
   <datafield ind2="0" ind1="0" tag="245">
      <subfield code="a">Taurine, homotaurine, GABA and hydrophobic amino acids content influences “in vitro” antioxidant and SIRT1 modulation activities of enzymatic protein hydrolysates from algae</subfield>
   </datafield>
</record></metadata></record></GetRecord></OAI-PMH>